Seasonal changes in the effectiveness of Ethrel, 2,4-D and NAA in the stimulation of latex flow in Hevea brasiliensis Muell Arg (Record no. 68487)

MARC details
000 -LEADER
fixed length control field 00408nam a2200121Ia 4500
100 ## - MAIN ENTRY--AUTHOR NAME
Personal name Sethuraj M R
245 #0 - TITLE STATEMENT
Title Seasonal changes in the effectiveness of Ethrel, 2,4-D and NAA in the stimulation of latex flow in Hevea brasiliensis Muell Arg
260 ## - PUBLICATION, DISTRIBUTION, ETC. (IMPRINT)
Name of publisher Indian Journal of Plant Physiology
Year of publication 1975
300 ## - PHYSICAL DESCRIPTION
Number of Pages 163-168
700 ## - ADDED ENTRY--PERSONAL NAME
Personal name George M J
942 ## - ADDED ENTRY ELEMENTS (KOHA)
Koha item type Journals
Holdings
Withdrawn status Lost status Damaged status Not for loan Home library Current library Shelving location Date acquired Serial Enumeration / chronology Koha item type
      Journals RRII Library RRII Library Physiology 17/12/2021 Volume 18, Issue Journals